000 01144naa a22003017a 4500
001 BR8002979
003 BR-BrBNA
005 20240918174600.0
007 ta
008 230509b bl.||||| |||| 00| 0 por d
040 _aBR-BrBNA
_bpor
_cBiblioteca Nacional de Agricultura
041 _a(Pt)
072 _aE50
_b/G514
090 _aE50 BR8002979
100 1 _aMeirelles, C.E.
100 1 _aRobin, P.
100 1 _aLima, V.E. de
111 1 _a18. Congresso Nacional de Prevencao de Acidentes do Trabalho
_cSalvador, BA (Brazil)
_d21 Oct 1979
245 1 _aPrevencao de acidentes na agricultura [Sociologia rural; Trabalhador rural; Brasil]
260 3 _aSao Paulo, SP (Brasil):
_c1980.
500 _aAnais do 18. Congresso Nacional de Prevencao de Acidentes do Trabalho Sao Paulo, SP (Brasil): 1980. p. 253-257 (BR8002979-AM)E50
650 _aAcidente
650 _aPrevencao de acidente
650 _aTrabalhador rural
773 0 _tAnais do 18. Congresso Nacional de Prevencao de Acidentes do Trabalho
_wE50 BR8002979
_gSao Paulo, SP (Brasil), 1980. p. 253-257
909 _a202404
_bLucia
_c55
_dLucia Elande
942 _cAM
_2AGRIS
999 _c312152
_d312152